[Event "NED-ch U16 Girls"]
[Site "Assen"]
[Date "2018.05.04"]
[Round "6"]
[White "Cordes, Jule Johanne"]
[Black "Jonkman Inza, Amelia Marry"]
[Result "0-1"]
[WhiteElo "1551"]
[BlackElo "1222"]
[PlyCount "116"]
[EventDate "2018.04.29"]
[EventType "swiss"]
[EventRounds "7"]
[EventCountry "NED"]
[SourceTitle "CBM 184 Extra"]
[Source "ChessBase"]
[SourceDate "2018.06.28"]
[SourceVersion "1"]
[SourceVersionDate "2018.06.28"]
[SourceQuality "1"]

1. d4 Nf6 2. c4 g6 3. Nc3 Bg7 4. Nf3 0-0 5. Bf4 d6 6. e3 Nbd7 7. Be2 c6 8. 0-0 Nh5 9. Bg5 h6 10. Bh4 g5 11. Nd2 Nhf6 12. Bg3 e5 13. dxe5 Nxe5 14. Nde4 Nxe4 15. Nxe4 d5 16. cxd5 Qxd5 17. Qxd5 cxd5 18. Nc3 Be6 19. Rac1 f5 20. Nb5 Rad8 21. Nc7 Bf7 22. Rfd1 Nc6 23. h3 d4 24. exd4 Nxd4 25. Bd3 f4 26. Bh2 Bxa2 27. Nb5 Bb3 28. Re1 Nxb5 29. Bxb5 Bxb2 30. Rc7 a6 31. Bf1 Rd1 32. Rxd1 Bxd1 33. Rxb7 Bg7 34. Ra7 Re8 35. Rxa6 Re1 36. Ra2 Bb3 37. Re2 Rd1 38. Re8+ Kh7 39. Rc8 Ba4 40. Rb8 Kg6 41. Rb6+ Kh7 42. h4 Bd4 43. Rb7+ Kg6 44. hxg5 hxg5 45. g4 Bc6 46. Re7 Bf3 47. Bg3 fxg3 48. Re6+ Bf6 49. fxg3 Bxg4 50. Rb6 Bh3 51. Kf2 Rxf1+ 52. Ke2 Kf5 53. Rb5+ Kg4 54. Rb3 Be5 55. Rb4+ Kxg3 56. Rb3+ Kh2 57. Rxh3+ Kxh3 58. Kxf1 Kh2 0-1

[Event "NED-ch U16 Girls"]
[Site "Assen"]
[Date "2018.05.02"]
[Round "4"]
[White "Jonkman Inza, Amelia Marry"]
[Black "Arnold, Kiri"]
[Result "1/2-1/2"]
[WhiteElo "1222"]
[BlackElo "1340"]
[PlyCount "193"]
[EventDate "2018.04.29"]
[EventType "swiss"]
[EventRounds "7"]
[EventCountry "NED"]
[SourceTitle "CBM 184 Extra"]
[Source "ChessBase"]
[SourceDate "2018.06.28"]
[SourceVersion "1"]
[SourceVersionDate "2018.06.28"]
[SourceQuality "1"]

1. d4 Nf6 2. c4 c5 3. Nf3 g6 4. Nc3 Bg7 5. e4 cxd4 6. Nxd4 d6 7. h3 a6 8. Bd3 0-0 9. 0-0 Nc6 10. Nf3 Bd7 11. Bg5 Rc8 12. Rc1 Nb4 13. Be2 Nc6 14. Qd2 Re8 15. Rfd1 Be6 16. Bf4 Nh5 17. Bh6 Nf6 18. a3 Na5 19. Qg5 Qc7 20. Nd5 Qd8 21. Bxg7 Kxg7 22. b4 Nc6 23. Nc3 Qc7 24. c5 Qb8 25. cxd6 exd6 26. Nd4 Bd7 27. Bf3 Ne5 28. Be2 Nc6 29. f3 Qa7 30. Qe3 Qb8 31. Kh1 Re7 32. Qg5 Ree8 33. g4 Rh8 34. Nd5 Nxd5 35. Qxd5 Nxd4 36. Qxd4+ f6 37. h4 Rxc1 38. Rxc1 Rc8 39. Rd1 Ba4 40. Rd2 Rc1+ 41. Kg2 Rc2 42. g5 Qd8 43. f4 Rxd2 44. Qxd2 Bc6 45. Bf3 Qe7 46. Qd4 Kf7 47. gxf6 Qxf6 48. Qxf6+ Kxf6 49. Kf2 h6 50. Ke3 Bd7 51. Kd4 Bc6 52. Bg4 Ke7 53. e5 Bd7 54. Bxd7 Kxd7 55. Ke4 dxe5 56. Kxe5 Ke7 57. a4 b5 58. a5 Kf7 59. Kd6 Kf6 60. Kc6 Kf5 61. Kb6 Kxf4 62. Kxa6 g5 63. hxg5 hxg5 64. Kxb5 g4 65. a6 g3 66. a7 g2 67. a8Q g1Q 68. Qf8+ Ke4 69. Qe7+ Kf4 70. Qc5 Qg7 71. Qf2+ Ke4 72. Qc2+ Kf4 73. Ka6 Qa1+ 74. Kb5 Qg7 75. Kb6 Qg1+ 76. Qc5 Qg6+ 77. Kb5 Qe8+ 78. Kc4 Qe2+ 79. Kb3 Qd1+ 80. Qc2 Qxc2+ 81. Kxc2 Ke5 82. Kc3 Kd6 83. Kd4 Kc6 84. Kc4 Kb6 85. b5 Kb7 86. Kc3 Kc7 87. Kb3 Kb7 88. Kc4 Kb6 89. Kb4 Kb7 90. Ka5 Ka7 91. b6+ Kb7 92. Kb5 Kb8 93. Kc5 Kb7 94. Kb5 Kb8 95. Kc6 Kc8 96. b7+ Kb8 97. Kb6 1/2-1/2